000 00633nab a2200193 4500
001 244442
003 OSt
005 20250313095353.0
007 tu
008 200917s2020|||||||
040 _aDE-2950
_cDE-2950
245 0 0 _aBlockade an der Stadtbrücke
_bProtest. Rechtsextreme, Nationalisten und andere Gruppen marschierten am Sonnabend in Slubice auf. Es ging um die deutsche Migrationspolitik/
_cThomas Gutke
264 _c2024
653 _aSlubice
653 _aStraßenblockade
653 _aMigrationspolitik
773 0 _g36. Jahrgang (2025) Nr. 58 vom 10.03.2025, S. 11 mit Foto
_tMärkische Oderzeitung
942 _2z
_cA
999 _c373645
_d373645